Les records en NBA - Statistiques

Statistiques générales
  • Ce quiz a été pris 1 492 fois
  • Le résultat moyen est 41 sur 56
Statistiques - réponses
Hint Réponse % Correct
Meilleurs Marqueurs 40 474 Lebron James
100%
Meilleurs Passeurs 11 009 Lebron James
100%
Joueurs avec le plus de trophées de MVP 4 Lebron James
100%
Joueurs avec le plus de trophées du meilleur joueur des finales 4 Lebron James
100%
Joueurs avec le plus de Triple-Double 140 Lebron James
100%
Joueurs avec le plus de sélections au All-Star Game 20 Lebron James
100%
Meilleurs Marqueurs 32 292 Michael Jordan
96%
Meilleurs Intercepteurs 2 514 Michael Jordan
96%
Joueurs avec le plus de trophées de MVP 5 Michael Jordan
96%
Joueurs avec le plus de trophées du meilleur joueur des finales 6 Michael Jordan
96%
Meilleurs Marqueurs 38 387 Kareem Abdul-Jabbar
93%
Meilleurs Rebondeurs 17 440 Kareem Abdul-Jabbar
93%
Meilleurs Contreurs 3 189 Kareem Abdul-Jabbar
93%
Joueurs avec le plus de trophées de MVP 6 Kareem Abdul-Jabbar
93%
Joueurs avec le plus de matchs NBA 1560 Kareem Abdul-Jabbar
93%
Joueurs avec le plus de sélections au All-Star Game 19 Kareem Abdul-Jabbar
93%
Meilleurs Marqueurs 33 643 Kobe Bryant
90%
Joueurs avec le plus de sélections au All-Star Game 18 Kobe Bryant
90%
Franchises avec le plus de titre 17 Lakers
90%
Franchises avec le plus de titre 18 Celtics
89%
Joueurs avec le plus de Triple-Double 211 Russel Westbrook
86%
Franchises avec le plus de titre 7 Warriors
79%
Meilleurs Rebondeurs 23 924 Wilt Chamberlain
79%
Joueurs avec le plus de trophées de MVP 4 Wilt Chamberlain
79%
Franchises avec le plus de titre 6 Bulls
78%
Meilleurs Passeurs 15 806 John Stockton
75%
Meilleurs Intercepteurs 3 265 John Stockton
75%
Joueurs avec le plus de matchs NBA 1 504 John Stockton
75%
Meilleurs Marqueurs 36 928 Karl Malone
74%
Joueurs avec le plus de trophées du meilleur joueur des finales 3 Shaquille O'Neal
74%
Joueurs avec le plus de sélections au All-Star Game 15 Shaquille O'Neal
74%
Franchises avec le plus de titre 5 Spurs
73%
Meilleurs Rebondeurs 17 834 Moses Malone
71%
Meilleurs Contreurs 3 020 Tim Duncan
70%
Joueurs avec le plus de trophées du meilleur joueur des finales 3 Tim Duncan
70%
Joueurs avec le plus de sélections au All-Star Game 15 Tim Duncan
70%
Meilleurs Rebondeurs 21 620 Bill Russell
69%
Joueurs avec le plus de trophées de MVP 5 Bill Russell
69%
Joueurs avec le plus de Triple-Double 158 Nikola Jokic
68%
Meilleurs Contreurs 3 830 Hakeem Olajuwon
66%
Joueurs avec le plus de trophées du meilleur joueur des finales 3 Magic Johnson
66%
Joueurs avec le plus de Triple-Double 168 Magic Johnson
66%
Meilleurs Passeurs 11 894 Chris Paul
65%
Meilleurs Intercepteurs 2 614 Chris Paul
65%
Joueurs avec le plus de Triple-Double 181 Oscar Robertson
61%
Meilleurs Passeurs 12 091 Jason Kidd
57%
Meilleurs Intercepteurs 2 684 Jason Kidd
57%
Meilleurs Passeurs 10 335 Steve Nash
54%
Meilleurs Contreurs 3 289 Dikembe Mutombo
44%
Joueurs avec le plus de matchs NBA 1 522 Dirk Nowitzki
37%
Joueurs avec le plus de matchs NBA 1 541 Vince Carter
37%
Joueurs avec le plus de sélections au All-Star Game 15 Kevin Garnett
33%
Joueurs avec le plus de matchs NBA 1 611 Robert Parish
27%
Meilleurs Contreurs 3 064 Mark Eaton
19%
Meilleurs Intercepteurs 2 445 Gary Payton
18%
Meilleurs Rebondeurs 16 279 Elvin Hayes
12%
Aucun quiz correspondant
Distribution des résultats
% des personnes avec chaque résultat
Percentile par nombre de réponses
Votre historique - résultats
Vous n’avez pas pris ce quiz